[Event "WchT Blitz Pool C"]
[Site "London"]
[Date "2025.06.14"]
[Round "12.1"]
[White "Fromm, Marius"]
[Black "Mamedyarov, Shakhriyar"]
[Result "0-1"]
[WhiteElo "2444"]
[BlackElo "2746"]
[PlyCount "66"]
[EventDate "2025.06.14"]
[EventType "team-tourn"]
[EventRounds "13"]
[EventCountry "ENG"]
[SourceTitle "CB25_2025"]
[SourceDate "2025.06.18"]
[SourceVersion "1"]
[SourceVersionDate "2025.06.18"]
[SourceQuality "1"]
[WhiteTeam "Berlin Chess Federation"]
[BlackTeam "Generation XYZA"]
[WhiteTeamCountry "GER"]
[BlackTeamCountry "TUR"]

1. e4 d5 2. exd5 Qxd5 3. Nc3 Qa5 4. d4 Nf6 5. Nf3 Bf5 6. Bc4 e6 7. Bd2 Bb4 8. a3 Bxc3 9. Bxc3 Qb6 10. Qe2 Nbd7 11. 0-0-0 0-0 12. h3 Nd5 13. Bd2 Qc6 14. Bd3 b5 15. g4 Bxd3 16. Qxd3 a5 17. Rhe1 b4 18. Ne5 Nxe5 19. Rxe5 Rab8 20. Rh5 g6 21. Re5 Rfd8 22. h4 Qa4 23. h5 bxa3 24. bxa3 Nb4 25. Bxb4 axb4 26. hxg6 hxg6 27. Rh1 Qxa3+ 28. Kd2 Qb2 29. Re4 b3 30. g5 bxc2 31. Qxc2 Rxd4+ 32. Rxd4 Qxd4+ 33. Ke1 Qa1+ 0-1

[Event "WchT Blitz Pool C"]
[Site "London"]
[Date "2025.06.14"]
[Round "3.1"]
[White "Pert, Nicholas"]
[Black "Mamedyarov, Shakhriyar"]
[Result "0-1"]
[WhiteElo "2509"]
[BlackElo "2746"]
[PlyCount "102"]
[EventDate "2025.06.14"]
[EventType "team-tourn"]
[EventRounds "13"]
[EventCountry "ENG"]
[SourceTitle "CB25_2025"]
[SourceDate "2025.06.18"]
[SourceVersion "1"]
[SourceVersionDate "2025.06.18"]
[SourceQuality "1"]
[WhiteTeam "e-therapeutics"]
[BlackTeam "Generation XYZA"]
[WhiteTeamCountry "ENG"]
[BlackTeamCountry "TUR"]

1. d4 d5 2. c4 dxc4 3. Nf3 c5 4. d5 e6 5. e4 exd5 6. exd5 Bd6 7. Bxc4 Ne7 8. Nc3 0-0 9. 0-0 Bg4 10. h3 Bh5 11. Re1 Nd7 12. Be2 Nb6 13. Bg5 h6 14. Bxe7 Qxe7 15. Nd2 Bxe2 16. Qxe2 Qxe2 17. Rxe2 Rfe8 18. Rae1 Rxe2 19. Rxe2 Rd8 20. Nde4 Be7 21. Rd2 Nc4 22. Re2 Kf8 23. b3 Nb6 24. Rd2 Nc8 25. g4 b6 26. Kg2 g6 27. a4 Nd6 28. Nxd6 Bxd6 29. Re2 Be7 30. Rd2 Bf6 31. Nb5 Rd7 32. Kf3 a6 33. Na3 Bd4 34. Nc4 b5 35. axb5 axb5 36. Ne3 Ke7 37. Ke4 Kd6 38. Ra2 Re7+ 39. Kd3 Bxe3 40. fxe3 Kxd5 41. Ra8 c4+ 42. bxc4+ bxc4+ 43. Kd2 Rc7 44. Kc3 Ke4 45. Re8+ Kf3 46. e4 Kg3 47. e5 Kxh3 48. e6 Kxg4 49. e7 h5 50. Kd2 c3+ 51. Kc2 h4 0-1

[Event "WchT Blitz Pool C"]
[Site "London"]
[Date "2025.06.14"]
[Round "10.1"]
[White "Pichot, Alan"]
[Black "Mamedyarov, Shakhriyar"]
[Result "1-0"]
[WhiteElo "2588"]
[BlackElo "2746"]
[PlyCount "59"]
[EventDate "2025.06.14"]
[EventType "team-tourn"]
[EventRounds "13"]
[EventCountry "ENG"]
[SourceTitle "CB25_2025"]
[SourceDate "2025.06.18"]
[SourceVersion "1"]
[SourceVersionDate "2025.06.18"]
[SourceQuality "1"]
[WhiteTeam "Duobeniajan Costa Calida"]
[BlackTeam "Generation XYZA"]
[WhiteTeamCountry "ESP"]
[BlackTeamCountry "TUR"]

1. e4 d5 2. exd5 Qxd5 3. Nc3 Qa5 4. d4 Nf6 5. Nf3 Bf5 6. Bd2 Qb6 7. Na4 Qd6 8. Nc5 b6 9. Nd3 e6 10. Be2 Be7 11. 0-0 0-0 12. c3 c5 13. Bf4 Qd8 14. Nde5 Nd5 15. Bg3 f6 16. Nc4 Bg6 17. Re1 Nc6 18. Bd3 Bf7 19. Qc2 cxd4 20. Bxh7+ Kh8 21. Bg6 dxc3 22. Bxf7 Rxf7 23. Rxe6 cxb2 24. Nxb2 Ncb4 25. Qg6 Rf8 26. Nh4 Qe8 27. Qf5 Kg8 28. a3 Qf7 29. axb4 Nxb4 30. Ng6 1-0

[Event "WchT Rapid"]
[Site "London"]
[Date "2025.06.13"]
[Round "12.1"]
[White "Chinguun, Sumiya"]
[Black "Mamedyarov, Shakhriyar"]
[Result "0-1"]
[WhiteElo "2271"]
[BlackElo "2701"]
[PlyCount "112"]
[EventDate "2025.06.11"]
[EventType "team-swiss"]
[EventRounds "12"]
[EventCountry "ENG"]
[SourceTitle "CB25_2025"]
[SourceDate "2025.06.18"]
[SourceVersion "1"]
[SourceVersionDate "2025.06.18"]
[SourceQuality "1"]
[WhiteTeam "The MongolZ"]
[BlackTeam "Generation XYZA"]
[WhiteTeamCountry "MGL"]
[BlackTeamCountry "TUR"]

1. e4 e5 2. Nf3 Nc6 3. Bc4 Bc5 4. c3 Nf6 5. d3 0-0 6. 0-0 d5 7. exd5 Nxd5 8. Re1 Bg4 9. h3 Bh5 10. Nbd2 Nb6 11. b4 Bd6 12. Bb3 a5 13. b5 Ne7 14. Ne4 a4 15. Bc2 f6 16. c4 Bb4 17. Rf1 Nd7 18. a3 Bc5 19. Ng3 Bg6 20. Bxa4 Bb6 21. Bc2 Nc5 22. Ne1 Qd7 23. Be3 Ne6 24. Nf3 Rfd8 25. Ne4 Nf5 26. Qe1 Nxe3 27. fxe3 Qe7 28. a4 Bxe4 29. dxe4 Qc5 30. a5 Qxe3+ 31. Qxe3 Bxe3+ 32. Kh1 Ra7 33. Ra3 Bc5 34. Ra4 Rda8 35. Rfa1 Kf8 36. R1a2 Ke7 37. Ne1 Rd8 38. Nd3 Rd4 39. a6 Rxe4 40. axb7 Rxb7 41. Ra6 Bd6 42. Rc6 Rb6 43. Rxb6 cxb6 44. Ra7+ Kd8 45. c5 Nxc5 46. Nxc5 Re1+ 47. Kh2 e4+ 48. g3 Bxc5 49. Bb3 e3 50. Bc4 e2 51. Bxe2 Rxe2+ 52. Kh1 Re7 53. Ra8+ Kd7 54. Kg2 Kd6 55. Kf3 Kd5 56. Ra4 Bd4 0-1

[Event "WchT Rapid"]
[Site "London"]
[Date "2025.06.12"]
[Round "5.1"]
[White "Mamedyarov, Shakhriyar"]
[Black "Sagalchik, Gennadij"]
[Result "1-0"]
[WhiteElo "2701"]
[BlackElo "2434"]
[PlyCount "57"]
[EventDate "2025.06.11"]
[EventType "team-swiss"]
[EventRounds "12"]
[EventCountry "ENG"]
[SourceTitle "CB25_2025"]
[SourceDate "2025.06.18"]
[SourceVersion "1"]
[SourceVersionDate "2025.06.18"]
[SourceQuality "1"]
[WhiteTeam "Generation XYZA"]
[BlackTeam "Perfect"]
[WhiteTeamCountry "TUR"]
[BlackTeamCountry "USA"]

1. c4 e5 2. Nf3 d6 3. Nc3 f5 4. d4 e4 5. Ng5 Nf6 6. h4 c6 7. Nh3 Be6 8. d5 Bf7 9. Ng5 Bg8 10. g3 Qa5 11. Bd2 Qb6 12. Bh3 g6 13. 0-0 Nbd7 14. Be3 Qxb2 15. Bd4 Qb4 16. Ncxe4 fxe4 17. Bxd7+ Nxd7 18. Bxh8 Qxc4 19. dxc6 bxc6 20. Rc1 Qd5 21. Qa4 Nc5 22. Rxc5 Qxc5 23. Nxe4 Qb5 24. Qd4 0-0-0 25. Qxa7 d5 26. Bf6 Re8 27. Nc3 Qb7 28. Qa4 Bc5 29. Rb1 1-0

[Event "Chess.com Classic Play In"]
[Site "Chess.com INT"]
[Date "2025.05.19"]
[Round "5"]
[White "Mamedyarov, Shakhriyar"]
[Black "Vokhidov, Shamsiddin"]
[Result "1/2-1/2"]
[WhiteElo "2746"]
[BlackElo "2641"]
[PlyCount "89"]
[EventDate "2025.05.19"]
[EventType "swiss (blitz)"]
[EventRounds "9"]
[EventCountry "USA"]
[SourceTitle "CB21_2025"]
[SourceDate "2025.05.21"]
[SourceVersion "1"]
[SourceVersionDate "2025.05.21"]
[SourceQuality "1"]

1. d4 Nf6 2. c4 e6 3. Nc3 Bb4 4. Nf3 b6 5. Qb3 Qe7 6. Bg5 Bb7 7. e3 h6 8. Bxf6 Bxc3+ 9. Qxc3 Qxf6 10. Be2 d6 11. 0-0 Nd7 12. b4 a5 13. b5 0-0 14. Rfd1 Rfe8 15. Nd2 e5 16. Bf3 exd4 17. exd4 Bxf3 18. Nxf3 Re2 19. Re1 Rae8 20. Rxe2 Rxe2 21. Re1 Qe6 22. Kf1 Rxe1+ 23. Nxe1 Qe4 24. Qd3 Qf4 25. Qe3 Qf5 26. Nd3 Nf8 27. f3 Ne6 28. d5 Nf8 29. Qd4 Ng6 30. Kf2 h5 31. h4 Nxh4 32. Qxh4 Qxd3 33. Qd8+ Kh7 34. Qxc7 Qd2+ 35. Kf1 Qxa2 36. c5 Qc4+ 37. Kf2 Qd4+ 38. Kf1 dxc5 39. d6 Qd1+ 40. Kf2 Qd4+ 41. Kf1 Qd3+ 42. Kf2 Qd2+ 43. Kf1 Qd1+ 44. Kf2 Qd4+ 45. Kf1 1/2-1/2

[Event "Titled Tuesday intern op 11th Mar Late"]
[Site "Chess.com INT"]
[Date "2025.03.11"]
[Round "1"]
[White "Mamedyarov, Shakhriyar"]
[Black "Qin, Kevin"]
[Result "1-0"]
[WhiteElo "2748"]
[BlackElo "2017"]
[PlyCount "105"]
[EventDate "2025.03.11"]
[EventType "swiss (blitz)"]
[EventRounds "11"]
[EventCountry "USA"]
[SourceTitle "CB12_2025"]
[SourceDate "2025.03.19"]
[SourceVersion "1"]
[SourceVersionDate "2025.03.19"]
[SourceQuality "1"]

1. d4 d5 2. c4 e6 3. Nc3 Nf6 4. cxd5 exd5 5. Bg5 Be7 6. e3 c6 7. Bd3 0-0 8. Nge2 h6 9. Bh4 Re8 10. f3 Nh5 11. Bf2 Nd7 12. 0-0 Nf8 13. Qd2 Nf6 14. Rae1 Ne6 15. Kh1 Qc7 16. g4 c5 17. Bb1 b6 18. Ng3 g6 19. Nge2 Bb7 20. Bg3 Qd7 21. Be5 Rad8 22. Ng3 Nf8 23. Rg1 N8h7 24. h3 Bd6 25. f4 Bxe5 26. dxe5 d4+ 27. Nce4 Nxe4 28. Bxe4 Bxe4+ 29. Nxe4 Qc6 30. Qg2 d3 31. Nf6+ Qxf6 32. exf6 Nxf6 33. Kh2 Ne4 34. Rd1 c4 35. h4 b5 36. h5 Kg7 37. g5 hxg5 38. h6+ Kxh6 39. fxg5+ Kg7 40. Qf3 Rh8+ 41. Kg2 Nxg5 42. Qf4 Ne6 43. Qe5+ Kg8 44. Rh1 Rxh1 45. Rxh1 Ng7 46. Qe7 Re8 47. Qd7 Rxe3 48. Rf1 Re2+ 49. Rf2 Rxf2+ 50. Kxf2 Nf5 51. Qxb5 d2 52. Qd5 Kg7 53. Qxd2 1-0

[Event "Titled Tuesday intern op 14th Jan Early"]
[Site "Chess.com INT"]
[Date "2025.01.14"]
[Round "1"]
[White "Parfenov, Viktor N"]
[Black "Mamedyarov, Shakhriyar"]
[Result "0-1"]
[WhiteElo "2193"]
[BlackElo "2732"]
[PlyCount "50"]
[EventDate "2025.01.14"]
[EventType "swiss (blitz)"]
[EventRounds "11"]
[EventCountry "USA"]
[SourceTitle "CB04_2025"]
[SourceDate "2025.01.22"]
[SourceVersion "1"]
[SourceVersionDate "2025.01.22"]
[SourceQuality "1"]

1. d4 Nf6 2. c4 g6 3. Nc3 d5 4. cxd5 Nxd5 5. e4 Nxc3 6. bxc3 Bg7 7. Nf3 c5 8. h3 0-0 9. Be3 Qa5 10. Bd2 Rd8 11. d5 Bxc3 12. Rc1 Bxd2+ 13. Qxd2 Qxd2+ 14. Nxd2 b6 15. g4 e6 16. Bc4 Ba6 17. dxe6 Bxc4 18. Nxc4 fxe6 19. f4 Nc6 20. Ke2 Rd4 21. Ke3 Rad8 22. e5 Nb4 23. Nd6 Nd5+ 24. Kf3 Nxf4 25. Kg3 Ne2+ 0-1

[Event "Bundesliga 2425"]
[Site "Germany"]
[Date "2025.01.12"]
[Round "6.3"]
[White "Dardha, Daniel"]
[Black "Mamedyarov, Shakhriyar"]
[Result "1/2-1/2"]
[WhiteElo "2603"]
[BlackElo "2733"]
[PlyCount "44"]
[EventDate "2024.09.28"]
[EventType "team-tourn"]
[EventRounds "15"]
[EventCountry "GER"]
[SourceTitle "CB06_2025"]
[SourceDate "2025.02.05"]
[SourceVersion "1"]
[SourceVersionDate "2025.02.05"]
[SourceQuality "1"]
[WhiteTeam "Deizisau"]
[BlackTeam "Viernheim"]
[WhiteTeamCountry "GER"]
[BlackTeamCountry "GER"]

1. e4 e5 2. Nf3 Nc6 3. Nc3 Nf6 4. d4 exd4 5. Nxd4 Bb4 6. Nxc6 bxc6 7. Bd3 0-0 8. 0-0 d5 9. exd5 Bg4 10. f3 Bh5 11. dxc6 Qd4+ 12. Kh1 Bxc3 13. bxc3 Qxc3 14. Rb1 Bg6 15. Rb3 Qxc6 16. Bb5 Qxc2 17. Qxc2 Bxc2 18. Rc3 Rab8 19. Be2 Bb1 20. Rxc7 Bxa2 21. Rxa7 Ra8 22. Rxa8 Rxa8 1/2-1/2

[Event "Wch Blitz"]
[Site "New York"]
[Date "2024.12.30"]
[Round "5"]
[White "Mamedyarov, Shakhriyar"]
[Black "Kevlishvili, Robby"]
[Result "1-0"]
[WhiteElo "2738"]
[BlackElo "2556"]
[PlyCount "103"]
[EventDate "2024.12.30"]
[EventType "swiss (blitz)"]
[EventRounds "13"]
[EventCountry "USA"]
[SourceTitle "CB01_2025"]
[SourceDate "2025.01.01"]
[SourceVersion "1"]
[SourceVersionDate "2025.01.01"]
[SourceQuality "1"]

1. d4 d5 2. c4 e6 3. Nc3 Nf6 4. cxd5 exd5 5. Bg5 c6 6. e3 h6 7. Bh4 Be7 8. Bd3 0-0 9. Bg3 Re8 10. Nf3 Qb6 11. Qc2 Na6 12. a3 Bf8 13. Ne5 c5 14. dxc5 Nxc5 15. 0-0 Be6 16. b4 Nxd3 17. Qxd3 Rac8 18. Rac1 a6 19. Bh4 g5 20. Bg3 Red8 21. Rfd1 Nh5 22. Na4 Qa7 23. Nf3 Nxg3 24. hxg3 b5 25. Nc5 Bxc5 26. bxc5 Rxc5 27. Qd4 Rxc1 28. Qxa7 Rxd1+ 29. Kh2 Rc8 30. g4 Rc2 31. Kg3 Rf1 32. Nd4 Rcxf2 33. Qxa6 Rf6 34. Qxb5 Re1 35. Qb8+ Kh7 36. Qe5 Kg6 37. a4 Rc1 38. a5 Bc8 39. Qe8 Kg7 40. Qe5 Kg6 41. Qb8 Rc3 42. Kh2 Kg7 43. Qe5 Kg6 44. Qe8 Kg7 45. Qe5 Kg6 46. Nf5 Rc5 47. Ne7+ Kg7 48. Nxd5 Rxd5 49. Qxd5 Re6 50. Qd4+ Kg6 51. Qd3+ Kg7 52. Qc3+ 1-0

[Event "Wch Blitz"]
[Site "New York"]
[Date "2024.12.30"]
[Round "13"]
[White "Mamedyarov, Shakhriyar"]
[Black "Meier, Georg"]
[Result "1-0"]
[WhiteElo "2738"]
[BlackElo "2599"]
[PlyCount "55"]
[EventDate "2024.12.30"]
[EventType "swiss (blitz)"]
[EventRounds "13"]
[EventCountry "USA"]
[SourceTitle "CB01_2025"]
[SourceDate "2025.01.01"]
[SourceVersion "1"]
[SourceVersionDate "2025.01.01"]
[SourceQuality "1"]

1. d4 e6 2. c4 b6 3. Nc3 Bb4 4. e4 Bb7 5. Qc2 Qh4 6. Bd3 f5 7. Nf3 Bxc3+ 8. Kf1 Qh5 9. bxc3 fxe4 10. Bxe4 Bxe4 11. Qxe4 Nc6 12. Bg5 Qg6 13. Qxg6+ hxg6 14. d5 Na5 15. Ne5 Rh5 16. h4 Nf6 17. g4 Rh7 18. dxe6 d6 19. Bxf6 dxe5 20. Bxe5 Nxc4 21. Bxc7 Ke7 22. Re1 Rf8 23. Kg2 Rf6 24. Re4 b5 25. a4 a6 26. axb5 axb5 27. Ra1 Rxe6 28. Bd8+ 1-0

[Event "Wch Blitz"]
[Site "New York"]
[Date "2024.12.30"]
[Round "9"]
[White "Mamedyarov, Shakhriyar"]
[Black "Nogerbek, Kazybek"]
[Result "0-1"]
[WhiteElo "2738"]
[BlackElo "2527"]
[PlyCount "68"]
[EventDate "2024.12.30"]
[EventType "swiss (blitz)"]
[EventRounds "13"]
[EventCountry "USA"]
[SourceTitle "CB01_2025"]
[SourceDate "2025.01.01"]
[SourceVersion "1"]
[SourceVersionDate "2025.01.01"]
[SourceQuality "1"]

1. d4 Nf6 2. Bg5 c5 3. d5 Ne4 4. Bc1 e6 5. dxe6 fxe6 6. g3 Nc6 7. Bg2 d5 8. Bxe4 dxe4 9. Qxd8+ Kxd8 10. Nc3 Nd4 11. Bg5+ Be7 12. Bxe7+ Kxe7 13. 0-0-0 b6 14. e3 Nf5 15. Nh3 Bb7 16. Ng5 Nd6 17. Rxd6 Kxd6 18. Nf7+ Ke7 19. Nxh8 Rxh8 20. Rd1 Rf8 21. Rd2 g5 22. Kd1 Rf6 23. Nb5 Rh6 24. Nd6 Bc6 25. Nc8+ Kf6 26. Nxa7 Bd5 27. b3 c4 28. Nc8 c3 29. Re2 Rxh2 30. Nxb6 Bc6 31. f4 Rh3 32. Rg2 Rh1+ 33. Ke2 Rc1 34. fxg5+ Kxg5 0-1

[Event "Wch Blitz"]
[Site "New York"]
[Date "2024.12.30"]
[Round "12"]
[White "Pichot, Alan"]
[Black "Mamedyarov, Shakhriyar"]
[Result "1/2-1/2"]
[WhiteElo "2637"]
[BlackElo "2738"]
[PlyCount "74"]
[EventDate "2024.12.30"]
[EventType "swiss (blitz)"]
[EventRounds "13"]
[EventCountry "USA"]
[SourceTitle "CB01_2025"]
[SourceDate "2025.01.01"]
[SourceVersion "1"]
[SourceVersionDate "2025.01.01"]
[SourceQuality "1"]

1. e4 d5 2. exd5 Qxd5 3. Nc3 Qa5 4. d4 Nf6 5. Nf3 Bf5 6. Ne5 c6 7. Bc4 e6 8. g4 Bg6 9. h4 Nbd7 10. Nxd7 Nxd7 11. h5 Be4 12. 0-0 Bd5 13. Nxd5 cxd5 14. Bd3 Bd6 15. Qf3 0-0-0 16. Qxf7 Qb6 17. Kg2 Rde8 18. Qf3 Qxd4 19. Be3 Qe5 20. Qg3 Qxg3+ 21. fxg3 Ne5 22. Be2 a6 23. Bd4 Rhg8 24. Rae1 Nc6 25. Be3 e5 26. c3 Rgf8 27. Rxf8 Rxf8 28. Rd1 d4 29. cxd4 exd4 30. Bxd4 Nxd4 31. Rxd4 Bc5 32. Rc4 b6 33. Bf3 a5 34. Rc2 Kc7 35. Rd2 h6 36. Re2 Rd8 37. b3 Rd4 1/2-1/2

[Event "Wch Rapid"]
[Site "New York"]
[Date "2024.12.28"]
[Round "12"]
[White "Grigoryan, Karen H"]
[Black "Mamedyarov, Shakhriyar"]
[Result "1-0"]
[WhiteElo "2622"]
[BlackElo "2711"]
[PlyCount "79"]
[EventDate "2024.12.26"]
[EventType "swiss (rapid)"]
[EventRounds "13"]
[EventCountry "USA"]
[SourceTitle "CB01_2025"]
[SourceDate "2025.01.01"]
[SourceVersion "1"]
[SourceVersionDate "2025.01.01"]
[SourceQuality "1"]

1. Nf3 d5 2. e3 Nf6 3. c4 dxc4 4. Bxc4 e6 5. b3 a6 6. Bb2 c5 7. 0-0 Be7 8. d4 Nbd7 9. a4 0-0 10. Nbd2 b6 11. Qe2 Bb7 12. Rfd1 Qb8 13. e4 cxd4 14. Bxd4 Bc5 15. Bxc5 Nxc5 16. e5 Nd5 17. Rac1 Rd8 18. Nf1 Nf4 19. Qe3 Ng6 20. Rxd8+ Qxd8 21. Nd4 Rc8 22. f4 Nh4 23. Rd1 Nxg2 24. Qg3 Qh4 25. f5 Qh5 26. fxe6 Qxd1 27. exf7+ Kf8 28. Nf5 g6 29. Qg5 gxf5 30. Qh6+ Ke7 31. Qf6+ Kd7 32. e6+ Kc7 33. e7 Nd7 34. Qc3 Kb8 35. e8Q Nf4 36. Qce3 Qg4+ 37. Qg3 Ka7 38. Qxg4 fxg4 39. Ne3 Nf8 40. Nxg4 1-0

[Event "Wch Rapid"]
[Site "New York"]
[Date "2024.12.26"]
[Round "3"]
[White "Lomasov, Semen"]
[Black "Mamedyarov, Shakhriyar"]
[Result "0-1"]
[WhiteElo "2560"]
[BlackElo "2711"]
[PlyCount "72"]
[EventDate "2024.12.26"]
[EventType "swiss (rapid)"]
[EventRounds "13"]
[EventCountry "USA"]
[SourceTitle "CB01_2025"]
[SourceDate "2025.01.01"]
[SourceVersion "1"]
[SourceVersionDate "2025.01.01"]
[SourceQuality "1"]

1. e4 e5 2. Nf3 Nc6 3. Bc4 Nf6 4. d3 d5 5. exd5 Nxd5 6. 0-0 Bc5 7. Re1 0-0 8. Nbd2 Nf6 9. h3 h6 10. c3 Re8 11. Ne4 Bb6 12. a4 a6 13. Qc2 Nxe4 14. dxe4 Qf6 15. Kh2 Ne7 16. Be3 Ng6 17. Bxb6 Qxb6 18. Rad1 Nf4 19. Ng1 Qc6 20. Qb3 Be6 21. Bxe6 Nxe6 22. Qc2 Rad8 23. Nf3 f6 24. b4 Kh7 25. a5 Qc4 26. Nd2 Qc6 27. Nf1 Nd4 28. Qd3 Nb5 29. Qxd8 Rxd8 30. Rxd8 Nd6 31. Ng3 Qxc3 32. Re3 Qc2 33. Rd7 Qc6 34. Re7 Nc8 35. Nf5 Nxe7 36. Nxe7 Qd6 0-1

[Event "Wch Rapid"]
[Site "New York"]
[Date "2024.12.26"]
[Round "4"]
[White "Mamedyarov, Shakhriyar"]
[Black "Deac, Bogdan Daniel"]
[Result "1/2-1/2"]
[WhiteElo "2711"]
[BlackElo "2635"]
[PlyCount "81"]
[EventDate "2024.12.26"]
[EventType "swiss (rapid)"]
[EventRounds "13"]
[EventCountry "USA"]
[SourceTitle "CB01_2025"]
[SourceDate "2025.01.01"]
[SourceVersion "1"]
[SourceVersionDate "2025.01.01"]
[SourceQuality "1"]

1. d4 Nf6 2. Bg5 d5 3. e3 c5 4. Bxf6 gxf6 5. dxc5 e6 6. Nf3 Bxc5 7. Be2 Nc6 8. 0-0 0-0 9. c4 dxc4 10. Qa4 Na5 11. Rd1 Qc7 12. Na3 Bxa3 13. Qxa3 e5 14. Rac1 b5 15. Nd2 Bf5 16. b3 Rfd8 17. Qb4 Rab8 18. h3 Kg7 19. g4 Be6 20. Ne4 Nc6 21. Qc5 Rxd1+ 22. Rxd1 Qb6 23. Rd6 Rc8 24. bxc4 bxc4 25. Qxb6 axb6 26. Nc3 Nb4 27. f4 exf4 28. exf4 f5 29. gxf5 Bxf5 30. Rxb6 Nd3 31. Bg4 Bxg4 32. hxg4 Nxf4 33. a4 Re8 34. Rb4 Re1+ 35. Kh2 Rc1 36. Kg3 Rxc3+ 37. Kxf4 Rc1 38. Ke3 c3 39. Kd3 Kg6 40. Rc4 f5 41. gxf5+ 1/2-1/2

[Event "Wch Rapid"]
[Site "New York"]
[Date "2024.12.26"]
[Round "2"]
[White "Mamedyarov, Shakhriyar"]
[Black "Pranav, V."]
[Result "1-0"]
[WhiteElo "2711"]
[BlackElo "2497"]
[PlyCount "99"]
[EventDate "2024.12.26"]
[EventType "swiss (rapid)"]
[EventRounds "13"]
[EventCountry "USA"]
[SourceTitle "CB01_2025"]
[SourceDate "2025.01.01"]
[SourceVersion "1"]
[SourceVersionDate "2025.01.01"]
[SourceQuality "1"]

1. d4 Nf6 2. Bg5 d5 3. e3 c6 4. Bd3 Bg4 5. Ne2 Nbd7 6. h3 Bxe2 7. Qxe2 e5 8. c4 Bb4+ 9. Nc3 0-0 10. 0-0 exd4 11. exd4 h6 12. Bh4 dxc4 13. Bxc4 Nb6 14. Rad1 Re8 15. Qd3 Bxc3 16. bxc3 Nxc4 17. Qxc4 Qd5 18. Qb4 Qxa2 19. Bxf6 gxf6 20. Ra1 Qd5 21. Qxb7 a5 22. Qc7 a4 23. Ra3 Kh7 24. Rfa1 Rg8 25. g3 Qc4 26. Qf4 Rg6 27. Qf5 Rb8 28. Rxa4 Qxc3 29. Ra7 Rf8 30. Qe4 Kg7 31. Ra8 Rxa8 32. Rxa8 Kh7 33. h4 Qb3 34. Qe8 Qd1+ 35. Kg2 Rg7 36. Qe4+ Rg6 37. Ra7 Kg7 38. Qe6 Kh8 39. Ra8+ Kg7 40. Qe8 Rxg3+ 41. Kxg3 Qg1+ 42. Kf3 Qd1+ 43. Qe2 Qh1+ 44. Ke3 Qc1+ 45. Qd2 Qh1 46. Ra5 Qxh4 47. f3 Qh1 48. Ra2 Kf8 49. Qh2 Qc1+ 50. Kf2 1-0

[Event "London Classic Superblitz Gp-C"]
[Site "London"]
[Date "2024.12.07"]
[Round "2"]
[White "Mamedyarov, Shakhriyar"]
[Black "Stefansson, Vignir Vatnar"]
[Result "0-1"]
[WhiteElo "2738"]
[BlackElo "2537"]
[PlyCount "82"]
[EventDate "2024.12.07"]
[EventType "tourn (blitz)"]
[EventRounds "7"]
[EventCountry "ENG"]
[EventCategory "10"]
[SourceTitle "CB04_2025"]
[SourceDate "2025.01.22"]
[SourceVersion "1"]
[SourceVersionDate "2025.01.22"]
[SourceQuality "1"]

1. d4 d5 2. c4 e6 3. Nc3 Nf6 4. cxd5 exd5 5. Bg5 c6 6. e3 Bd6 7. Bd3 0-0 8. Nge2 Re8 9. Qc2 h6 10. Bh4 a5 11. a3 Na6 12. Qd2 Nc7 13. f3 b5 14. 0-0 Bd7 15. Rac1 Qe7 16. Bf2 c5 17. dxc5 Bxc5 18. Nd4 b4 19. Nce2 bxa3 20. bxa3 Rec8 21. Nf5 Qf8 22. Bh4 Nce8 23. Ned4 g6 24. Kh1 gxf5 25. Nxf5 Bxa3 26. Rxc8 Rxc8 27. Qxa5 Be7 28. Qa6 Bxf5 29. Bxf5 Rd8 30. Rd1 Rd6 31. Qa5 Ng7 32. Bb1 Qd8 33. Qa4 Qb6 34. Bg3 Rd8 35. Qc2 Qxe3 36. Re1 Qc5 37. Qd3 Re8 38. Bf4 Qc4 39. Qd2 Bb4 40. Rxe8+ Ngxe8 41. Qf2 Qxf4 0-1

[Event "London Classic Superblitz Gp-C"]
[Site "London"]
[Date "2024.12.07"]
[Round "5"]
[White "Mamedyarov, Shakhriyar"]
[Black "Zhang, Pengxiang"]
[Result "1-0"]
[WhiteElo "2738"]
[BlackElo "2567"]
[PlyCount "59"]
[EventDate "2024.12.07"]
[EventType "tourn (blitz)"]
[EventRounds "7"]
[EventCountry "ENG"]
[EventCategory "10"]
[SourceTitle "CB04_2025"]
[SourceDate "2025.01.22"]
[SourceVersion "1"]
[SourceVersionDate "2025.01.22"]
[SourceQuality "1"]

1. d4 Nf6 2. Bg5 d5 3. Nd2 c5 4. dxc5 Nc6 5. c3 a5 6. e4 e6 7. Bb5 Bxc5 8. Qe2 dxe4 9. Nxe4 Be7 10. Bxf6 gxf6 11. Nf3 Qc7 12. 0-0 0-0 13. Rad1 b6 14. Qe3 Ne5 15. Qh6 Ng6 16. Rfe1 Bb7 17. Rd7 Qc8 18. Rxe7 Bxe4 19. Rxe4 Qc5 20. Nd4 Rad8 21. Bd3 Rxd4 22. cxd4 Qxe7 23. Rh4 Rc8 24. Qxh7+ Kf8 25. Qh6+ Ke8 26. Bxg6 fxg6 27. Qxg6+ Kd7 28. g3 Qd6 29. Qe4 Rc1+ 30. Kg2 1-0